Estudio de factibilidad económica de la carretera Naranjo-Florencia

Furkejuvvon:
Bibliográfalaš dieđut
Váldodahkki: López Rosales, Marco Antonio
Materiálatiipa: Dovdameahttun
Almmustuhtton: [San José, Costa Rica] 1980
Fáttát:
Fáddágilkorat: Lasit fáddágilkoriid
Eai fáddágilkorat, Lasit vuosttaš fáddágilkora!

MARC

LEADER 00000 a2200000 4500
003 001229
005 20221231143741.0
008 140114s1980 c a m 000 ||s d
040 |c cru CEDI 
090 |a TFG 985 
100 |a López Rosales, Marco Antonio  |9 15975 
245 |a Estudio de factibilidad económica de la carretera Naranjo-Florencia 
260 |c 1980  |a [San José, Costa Rica] 
300 |a  [69] hojas : ilustraciones ; 28 cm  
500 |a Proyecto final para graduación (ingeniero civil)--Universidad de Costa Rica.  
650 |x CARRETERA NARANJO-FLORENCIA   |x CARRETERAS - COSTOS  |9 15976 
942 |c TFG 
999 |c 11253  |d 11253